000
00286nam a22001337a 4500
008
171228b xxu||||| |||| 00| 0 eng d
020
_a
9781890871871
041
_a
eng
080
_a
781
100
_a
45
101
_a
MUZ
245
_a
VIDEO PRODUCTION
_c
GROSS, L.S
942
_2
udc
_c
BK
999
_c
39541
_d
39541